000 00555nam a22001817a 4500
003 CEME
005 20210628202307.0
008 210210b xxu||||| |||| 00| 0 eng d
020 _a0-8493-3598-1
040 _c.
082 _a620.00452 NAC
100 _aNachlas , Joel .A
_959182
245 _aReliability engineering ,probabilistic models and maintenance methods
260 _aNEW YORK
_bTAYLOR AND FRANCIS
_c2005
300 _aXIII,381 P
650 _aRELIABILITY ENGINEERING.PROBABILISTIC MODELS AND MAINTENANCE METHODS
_959183
942 _cBK
_2ddc
999 _c569222
_d569222